[Event "Pan American Intercollegiate-chT"]
[Site "Princeton"]
[Date "2012.12.29"]
[Round "4"]
[White "Morales Mendoza, Luciana"]
[Black "Ng, Andrew"]
[Result "0-1"]
[WhiteElo "2200"]
[BlackElo "2173"]
[PlyCount "70"]
[EventDate "2012.12.27"]
[EventType "team-swiss"]
[EventRounds "6"]
[EventCountry "USA"]
[SourceTitle "CBM 152 Extra"]
[Source "ChessBase"]
[SourceDate "2013.02.25"]
[SourceVersion "1"]
[SourceVersionDate "2013.02.25"]
[SourceQuality "1"]
[WhiteTeam "Brownsville II"]
[BlackTeam "Princeton"]
[WhiteTeamCountry "USA"]
[BlackTeamCountry "USA"]

1. d4 d5 2. Nf3 Nf6 3. c4 e6 4. g3 Be7 5. Bg2 0-0 6. 0-0 dxc4 7. Na3 Bxa3 8. bxa3 b5 9. a4 a6 10. Rb1 c6 11. Ne5 Nd5 12. Qc2 f6 13. Nf3 Qa5 14. Bd2 c3 15. Be1 Nb6 16. Bxc3 Qxa4 17. Qd3 Qc4 18. Qd2 Bb7 19. Bb4 Rd8 20. Rfc1 Qd5 21. Ne1 Qd7 22. Nd3 Qxd4 23. Bc5 Nc4 24. Qb4 a5 25. Qb3 Qd7 26. Rxc4 bxc4 27. Qxc4 Ba6 28. Qb3 Bxd3 29. exd3 Na6 30. Bb6 Rab8 31. Rc1 c5 32. Rb1 Kf7 33. Bh3 Nc7 34. Qd1 Qxd3 35. Qh5+ Qg6 0-1

[Event "Philadelphia op 6th"]
[Site "Philadelphia"]
[Date "2012.04.07"]
[Round "6"]
[White "Morales Mendoza, Luciana"]
[Black "Prasca Sosa, Rafael Felipe"]
[Result "0-1"]
[WhiteElo "2184"]
[BlackElo "2420"]
[PlyCount "164"]
[EventDate "2012.04.04"]
[EventType "swiss"]
[EventRounds "9"]
[EventCountry "USA"]
[SourceTitle "CBM 147 Extra"]
[Source "ChessBase"]
[SourceDate "2012.04.24"]
[SourceVersion "1"]
[SourceVersionDate "2012.04.24"]
[SourceQuality "1"]

1. d4 d5 2. Nf3 c6 3. c4 Nf6 4. Nc3 a6 5. e3 g6 6. Qc2 Bg7 7. b3 0-0 8. Bb2 Bg4 9. Ne5 Be6 10. Be2 Nbd7 11. f4 Nxe5 12. fxe5 Bf5 13. Bd3 Bxd3 14. Qxd3 dxc4 15. bxc4 Nd7 16. Rd1 Qa5 17. 0-0 Rad8 18. Qc2 b5 19. Ne4 bxc4 20. Qxc4 Qd5 21. Qc2 Bh6 22. Rfe1 f5 23. Nc3 Qc4 24. Qa4 Nb6 25. Qb3 Qxb3 26. axb3 Nd5 27. Nxd5 cxd5 28. Ba3 Kf7 29. Bc5 a5 30. Rd3 Rb8 31. Ra1 Rb5 32. Kf2 Rfb8 33. Ra3 Bg7 34. Rc3 Rc8 35. b4 axb4 36. Bxb4 Rcb8 37. Bc5 Rb2+ 38. Kg3 R8b7 39. Ra7 Rxa7 40. Bxa7 Rb7 41. Bc5 Rc7 42. Kf3 Rc8 43. Bb4 Rxc3 44. Bxc3 Ke6 45. Bb4 Kd7 46. Ke2 e6 47. Kd3 Kc6 48. Be7 Kb5 49. g3 Ka4 50. Kc3 Bh6 51. Kd3 Kb5 52. h3 Kc6 53. Ke2 Kd7 54. Bc5 Bg5 55. Kd3 Kc6 56. Bf8 Kb5 57. Bd6 Ka4 58. Bf8 Kb3 59. Bd6 Bd8 60. Ke2 Kc3 61. Bc5 h5 62. h4 Kc4 63. Kd2 g5 64. hxg5 Bxg5 65. Ke2 h4 66. gxh4 Bxh4 67. Bb6 Bg5 68. Ba7 f4 69. exf4 Bxf4 70. Kf3 Bc1 71. Ke2 Bg5 72. Bb6 Bh6 73. Bc5 Bf4 74. Ba7 Bh2 75. Bb6 Bg1 76. Kf3 Bxd4 77. Bc7 Bb2 78. Kf4 d4 79. Ba5 d3 80. Bd2 Bc3 81. Ke3 Bxd2+ 82. Kxd2 Kd4 0-1

[Event "Chicago op 19th"]
[Site "Wheeling"]
[Date "2010.05.27"]
[Round "1"]
[White "Morales Mendoza, Luciana"]
[Black "Adams, Michael"]
[Result "0-1"]
[WhiteElo "2188"]
[BlackElo "2697"]
[PlyCount "74"]
[EventDate "2010.05.27"]
[EventType "swiss"]
[EventRounds "9"]
[EventCountry "USA"]
[SourceTitle "CBM 136 Extra"]
[Source "ChessBase"]
[SourceDate "2010.07.02"]
[SourceVersion "2"]
[SourceVersionDate "2010.07.15"]
[SourceQuality "1"]

1. d4 Nf6 2. Bg5 c5 3. Bxf6 gxf6 4. d5 Qb6 5. Qc1 f5 6. c4 Bg7 7. Nc3 d6 8. e3 Nd7 9. Qc2 Ne5 10. Be2 Bd7 11. Nf3 h5 12. Nd2 0-0-0 13. 0-0 Rdg8 14. a3 f4 15. exf4 Ng6 16. Kh1 Nxf4 17. Bf3 Kb8 18. Rab1 Bxc3 19. Qxc3 Bf5 20. Rbe1 e5 21. g3 Nh3 22. Re3 h4 23. b4 Ng5 24. Bg2 f6 25. f4 h3 26. Be4 Nxe4 27. Nxe4 cxb4 28. axb4 Bxe4+ 29. Rxe4 f5 30. Re2 e4 31. Rc1 Rc8 32. c5 Qb5 33. Ra2 Rhe8 34. Qd4 Qd3 35. Qxd3 exd3 36. Rca1 dxc5 37. Rxa7 d2 0-1

[Event "American Continental (Women) 05th"]
[Site "Cali"]
[Date "2009.09.05"]
[Round "7"]
[White "Amura, Claudia Noemi"]
[Black "Morales Mendoza, Luciana"]
[Result "1-0"]
[WhiteElo "2335"]
[BlackElo "2172"]
[PlyCount "151"]
[EventDate "2009.09.01"]
[EventType "swiss"]
[EventRounds "9"]
[EventCountry "COL"]
[SourceTitle "CBM 132 Extra"]
[Source "ChessBase"]
[SourceDate "2009.11.03"]
[SourceVersion "1"]
[SourceVersionDate "2009.11.03"]
[SourceQuality "1"]

1. d4 e6 2. g3 Nf6 3. Bg2 d5 4. Nf3 Bd6 5. c4 c6 6. Nc3 0-0 7. 0-0 Nbd7 8. Qd3 Re8 9. Rd1 Qe7 10. Bg5 h6 11. Bxf6 Nxf6 12. e4 Bb4 13. e5 Nh7 14. h4 Bxc3 15. bxc3 b6 16. cxd5 cxd5 17. a4 a5 18. Qb5 Ba6 19. Qxb6 Reb8 20. Qd6 Qxd6 21. exd6 Rd8 22. Ne5 Rac8 23. d7 Rxc3 24. Rdc1 Rxc1+ 25. Rxc1 f6 26. Nc6 Rxd7 27. Nxa5 Nf8 28. Rc6 Ra7 29. Nb3 Bc4 30. Nc5 Kf7 31. f4 Nd7 32. Nxe6 Rxa4 33. f5 Ra1+ 34. Kh2 Ra2 35. Kh3 g5 36. Rc7 Ke7 37. Nc5 g4+ 38. Kxg4 Rxg2 39. Rxd7+ Ke8 40. Rg7 Be2+ 41. Kf4 Bh5 42. g4 Bf7 43. Nb7 Kf8 44. Rh7 h5 45. Nd6 Rxg4+ 46. Ke3 Bg8 47. Rxh5 Kg7 48. Ne8+ Kf7 49. Nc7 Kg7 50. Ne6+ Bxe6 51. fxe6 Re4+ 52. Kd3 Rxe6 53. Rxd5 Re1 54. h5 Kf7 55. Ra5 Ke6 56. Ra7 Rh1 57. Ra5 Rh4 58. Kc4 Kd6 59. Ra6+ Ke7 60. Ra7+ Kd6 61. Rh7 Rh1 62. h6 f5 63. Ra7 f4 64. Kd3 Rh4 65. Ke4 f3+ 66. Kxf3 Rxd4 67. h7 Rh4 68. Kg3 Rh1 69. Kf4 Ke6 70. Kg5 Rg1+ 71. Kh6 Rh1+ 72. Kg7 Rg1+ 73. Kf8 Rf1+ 74. Kg8 Rg1+ 75. Rg7 Rb1 76. h8Q 1-0

[Event "American Continental (Women) 05th"]
[Site "Cali"]
[Date "2009.09.04"]
[Round "5"]
[White "Ramon Pita, Vivian"]
[Black "Morales Mendoza, Luciana"]
[Result "1-0"]
[WhiteElo "2217"]
[BlackElo "2172"]
[PlyCount "129"]
[EventDate "2009.09.01"]
[EventType "swiss"]
[EventRounds "9"]
[EventCountry "COL"]
[SourceTitle "CBM 132 Extra"]
[Source "ChessBase"]
[SourceDate "2009.11.03"]
[SourceVersion "1"]
[SourceVersionDate "2009.11.03"]
[SourceQuality "1"]

1. Nf3 Nf6 2. b3 b6 3. Bb2 Bb7 4. e3 e6 5. Be2 Be7 6. 0-0 0-0 7. c4 c5 8. d3 d6 9. a3 Nbd7 10. Nbd2 Ne8 11. Qc2 f5 12. d4 g6 13. Rad1 Ng7 14. b4 Qc7 15. Qb3 Bf6 16. Nb1 a6 17. Nc3 Rac8 18. d5 e5 19. Nd2 Rce8 20. f3 h5 21. Rb1 Bc8 22. Nd1 g5 23. h3 Rf7 24. Nf2 Nf8 25. g3 Ng6 26. Qc2 Nf8 27. Bd3 g4 28. hxg4 hxg4 29. fxg4 Bg5 30. Rfe1 fxg4 31. Nde4 Qd8 32. Kg2 Nf5 33. Bc1 Ng6 34. Nxg5 Qxg5 35. Bxf5 Qxf5 36. Qxf5 Bxf5 37. e4 Bc8 38. bxc5 bxc5 39. Rb6 Ref8 40. Be3 Rf6 41. Re2 Kg7 42. Nd3 Rh8 43. Rf2 Rhf8 44. Rxf6 Rxf6 45. Ne1 Nf4+ 46. gxf4 exf4 47. Bf2 g3 48. Bg1 Bg4 49. Rxa6 Be2 50. Ra7+ Kg6 51. Nf3 Bxc4 52. e5 Rf8 53. Rd7 Rb8 54. Rxd6+ Kh5 55. Nd2 Rb2 56. Kf3 Rxd2 57. Kxf4 g2 58. Bxc5 Bxd5 59. e6 Kg6 60. e7+ Kf7 61. Rf6+ Kxf6 62. e8Q Rd1 63. Qe7+ Kg6 64. Qg5+ Kf7 65. Qh5+ 1-0

[Event "American Continental (Women) 05th"]
[Site "Cali"]
[Date "2009.09.03"]
[Round "4"]
[White "Morales Mendoza, Luciana"]
[Black "Fierro Baquero, Martha Lorena"]
[Result "1/2-1/2"]
[WhiteElo "2172"]
[BlackElo "2386"]
[PlyCount "49"]
[EventDate "2009.09.01"]
[EventType "swiss"]
[EventRounds "9"]
[EventCountry "COL"]
[SourceTitle "CBM 132 Extra"]
[Source "ChessBase"]
[SourceDate "2009.11.03"]
[SourceVersion "1"]
[SourceVersionDate "2009.11.03"]
[SourceQuality "1"]

1. d4 Nf6 2. Bg5 d6 3. Bxf6 exf6 4. g3 f5 5. Bg2 g6 6. c4 Bg7 7. Nc3 0-0 8. e3 c5 9. Nge2 h5 10. dxc5 dxc5 11. Qxd8 Rxd8 12. Rd1 Rxd1+ 13. Kxd1 Nd7 14. Kc2 Ne5 15. b3 Rb8 16. Rd1 Bd7 17. h3 Be8 18. Nf4 a6 19. a4 Kf8 20. Nd3 Nxd3 21. Rxd3 Bxc3 22. Kxc3 Ke7 23. h4 Bd7 24. Bd5 Be6 25. a5 1/2-1/2

[Event "American Continental (Women) 05th"]
[Site "Cali"]
[Date "2009.09.02"]
[Round "3"]
[White "Marrero Lopez, Yaniet"]
[Black "Morales Mendoza, Luciana"]
[Result "0-1"]
[WhiteElo "2259"]
[BlackElo "2172"]
[PlyCount "48"]
[EventDate "2009.09.01"]
[EventType "swiss"]
[EventRounds "9"]
[EventCountry "COL"]
[SourceTitle "CBM 132 Extra"]
[Source "ChessBase"]
[SourceDate "2009.11.03"]
[SourceVersion "1"]
[SourceVersionDate "2009.11.03"]
[SourceQuality "1"]

1. e4 e6 2. d4 d5 3. Nd2 c5 4. Ngf3 cxd4 5. exd5 Qxd5 6. Bc4 Qd6 7. 0-0 Nf6 8. Nb3 Nc6 9. Nbxd4 Nxd4 10. Nxd4 a6 11. a4 Qc7 12. Qe2 Bd6 13. Nf3 0-0 14. Bg5 b6 15. Bxf6 gxf6 16. Qe4 Bb7 17. Qg4+ Kh8 18. Qh4 Rg8 19. Qxf6+ Rg7 20. Bd3 Be7 21. Qd4 Bxf3 22. g3 Rd8 23. Qe3 Bb7 24. Qe2 Bc5 0-1

[Event "American Continental (Women) 05th"]
[Site "Cali"]
[Date "2009.09.02"]
[Round "2"]
[White "Morales Mendoza, Luciana"]
[Black "Lujan, Carolina"]
[Result "1/2-1/2"]
[WhiteElo "2172"]
[BlackElo "2295"]
[PlyCount "55"]
[EventDate "2009.09.01"]
[EventType "swiss"]
[EventRounds "9"]
[EventCountry "COL"]
[SourceTitle "CBM 132 Extra"]
[Source "ChessBase"]
[SourceDate "2009.11.03"]
[SourceVersion "1"]
[SourceVersionDate "2009.11.03"]
[SourceQuality "1"]

1. d4 Nf6 2. Bg5 Ne4 3. Bf4 d5 4. e3 g6 5. Bd3 Nf6 6. Nf3 Bg7 7. Nbd2 0-0 8. h3 c5 9. c3 Nc6 10. 0-0 Nd7 11. a3 a5 12. Bb5 Qb6 13. a4 Na7 14. Bxd7 Bxd7 15. Qb3 Qxb3 16. Nxb3 c4 17. Nc5 Bc6 18. e4 dxe4 19. Nd2 Nc8 20. Nxc4 b6 21. Nb3 Bd5 22. Nbd2 Ra7 23. Ne3 Bb7 24. Bb8 Ra8 25. Bc7 f5 26. Nec4 Ba6 27. Rfb1 Bh6 28. b3 1/2-1/2

[Event "American Continental (Women) 05th"]
[Site "Cali"]
[Date "2009.09.01"]
[Round "1"]
[White "Felix Vega, Aurora Edith"]
[Black "Morales Mendoza, Luciana"]
[Result "0-1"]
[WhiteElo "1833"]
[BlackElo "2172"]
[PlyCount "54"]
[EventDate "2009.09.01"]
[EventType "swiss"]
[EventRounds "9"]
[EventCountry "COL"]
[SourceTitle "CBM 132 Extra"]
[Source "ChessBase"]
[SourceDate "2009.11.03"]
[SourceVersion "1"]
[SourceVersionDate "2009.11.03"]
[SourceQuality "1"]

1. e4 e6 2. d4 d5 3. Nd2 dxe4 4. Nxe4 Nd7 5. Bd3 Ngf6 6. Nf3 Nxe4 7. Bxe4 Nf6 8. Bd3 c5 9. dxc5 Bxc5 10. 0-0 0-0 11. Bg5 b6 12. Qe2 Bb7 13. Rad1 Qc7 14. Bxf6 gxf6 15. Be4 Rad8 16. Nh4 Rxd1 17. Rxd1 Bxf2+ 18. Qxf2 Bxe4 19. Qxf6 Qxc2 20. Re1 Rc8 21. Rf1 Qc5+ 22. Kh1 Qf8 23. h3 Qg7 24. Qf4 Bd5 25. Rf2 f6 26. Qd4 Rc4 27. Qd3 Rxh4 0-1

[Event "South American-ch U20 Girls"]
[Site "Buenos Aires"]
[Date "2007.02.10"]
[Round "7"]
[White "Zapata, Talia"]
[Black "Morales Mendoza, Luciana"]
[Result "0-1"]
[WhiteElo "2035"]
[BlackElo "2210"]
[PlyCount "66"]
[EventDate "2007.02.06"]
[EventType "tourn"]
[EventRounds "9"]
[EventCountry "ARG"]
[SourceTitle "EXT 2022"]
[Source "ChessBase"]
[SourceDate "2021.10.06"]
[SourceVersion "1"]
[SourceVersionDate "2021.10.06"]
[SourceQuality "1"]

1. d4 e6 2. c4 b6 3. Nf3 Nf6 4. a3 Ba6 5. Qc2 Bb7 6. Bf4 c5 7. e3 cxd4 8. exd4 Be7 9. Nc3 0-0 10. Be2 d5 11. cxd5 Nxd5 12. Nxd5 Bxd5 13. Rd1 Nd7 14. 0-0 Nf6 15. Qd2 Bb7 16. Rc1 Nd5 17. Be3 Rc8 18. Rfe1 Bf6 19. h3 Qd6 20. Rxc8 Rxc8 21. Rc1 Rxc1+ 22. Qxc1 h6 23. Qc2 Ne7 24. Qa4 Nf5 25. Qe8+ Qf8 26. Qxf8+ Kxf8 27. Ne5 Ke7 28. Kf1 Nxe3+ 29. fxe3 Bxe5 30. dxe5 Kd7 31. Bf3 Bxf3 32. gxf3 Kc6 33. Ke2 Kd5 0-1

[Event "South American-ch U20 Girls"]
[Site "Buenos Aires"]
[Date "2007.02.08"]
[Round "4"]
[White "Morales Mendoza, Luciana"]
[Black "Amed, Stephanie"]
[Result "1-0"]
[WhiteElo "2210"]
[BlackElo "2066"]
[PlyCount "53"]
[EventDate "2007.02.06"]
[EventType "tourn"]
[EventRounds "9"]
[EventCountry "ARG"]
[SourceTitle "EXT 2022"]
[Source "ChessBase"]
[SourceDate "2021.10.06"]
[SourceVersion "1"]
[SourceVersionDate "2021.10.06"]
[SourceQuality "1"]

1. e4 e6 2. d4 d5 3. Nd2 c5 4. exd5 Qxd5 5. Ngf3 cxd4 6. Bc4 Qd6 7. 0-0 Nf6 8. Nb3 Nc6 9. Nbxd4 Nxd4 10. Nxd4 a6 11. c3 Bd7 12. Qe2 0-0-0 13. a4 Qc7 14. a5 Bd6 15. b4 e5 16. Nb3 e4 17. h3 g5 18. b5 axb5 19. Bxb5 Bxb5 20. Qxb5 Bh2+ 21. Kh1 Rd5 22. Qb6 Ng4 23. Qb4 Nf6 24. a6 bxa6 25. Rxa6 Rhd8 26. Qa4 Qb7 27. Kxh2 1-0

[Event "South American-ch U20 Girls"]
[Site "Buenos Aires"]
[Date "2007.02.07"]
[Round "3"]
[White "Yanigro, Micaela"]
[Black "Morales Mendoza, Luciana"]
[Result "0-1"]
[WhiteElo "1980"]
[BlackElo "2210"]
[PlyCount "96"]
[EventDate "2007.02.06"]
[EventType "tourn"]
[EventRounds "9"]
[EventCountry "ARG"]
[SourceTitle "EXT 2022"]
[Source "ChessBase"]
[SourceDate "2021.10.06"]
[SourceVersion "1"]
[SourceVersionDate "2021.10.06"]
[SourceQuality "1"]

1. e4 e6 2. d4 c5 3. c3 d5 4. exd5 Qxd5 5. Nf3 cxd4 6. cxd4 Nf6 7. Nc3 Qd8 8. Bg5 Be7 9. Be2 Nc6 10. 0-0 0-0 11. Rc1 h6 12. Be3 Nb4 13. Ne5 Nbd5 14. Bf3 Nxe3 15. fxe3 Bd6 16. Nc4 Rb8 17. Nb5 Be7 18. e4 a6 19. Nc3 b5 20. Ne3 Qb6 21. Ne2 e5 22. Nd5 Nxd5 23. exd5 Bb7 24. Kh1 Bf6 25. dxe5 Bxe5 26. Qb3 Rbd8 27. Rfd1 Qf6 28. Rc2 Rd7 29. Rcd2 Rfd8 30. Kg1 Qb6+ 31. Kh1 Qf6 32. Kg1 g6 33. h3 h5 34. Rf1 Qg5 35. Rfd1 Rc7 36. d6 Bxf3 37. Qxf3 Rcd7 38. Qc6 Qf6 39. Qxa6 Rxd6 40. Qa5 Rxd2 41. Rxd2 Rxd2 42. Qxd2 Bxb2 43. Qd3 b4 44. Qc4 Qe6 45. Qb5 Bc3 46. Kf1 Qxa2 47. Nxc3 bxc3 48. Qb8+ Kh7 0-1

[Event "Pan American-ch U20"]
[Site "Bogota"]
[Date "2006.09.07"]
[Round "8"]
[White "Munoz Santana, Jose Lisandro"]
[Black "Morales Mendoza, Luciana"]
[Result "1-0"]
[WhiteElo "2332"]
[BlackElo "2210"]
[PlyCount "93"]
[EventDate "2006.09.03"]
[EventType "swiss"]
[EventRounds "9"]
[EventCountry "COL"]
[SourceTitle "CBM 114 Extra"]
[Source "ChessBase"]
[SourceDate "2006.11.03"]
[SourceVersion "1"]
[SourceVersionDate "2006.11.03"]
[SourceQuality "1"]

1. e4 e6 2. d4 d5 3. Nd2 Be7 4. e5 c5 5. Qg4 g6 6. dxc5 Bxc5 7. Nb3 Bf8 8. Nf3 Nc6 9. Bb5 Bd7 10. Bxc6 bxc6 11. 0-0 Qc7 12. Re1 c5 13. c4 Bg7 14. Bg5 h6 15. Bh4 Ne7 16. Bf6 Rg8 17. Rac1 d4 18. Nfd2 Bf8 19. Ne4 Nf5 20. Bh4 Nxh4 21. Nf6+ Kd8 22. Nxg8 Nf5 23. Nf6 Bc6 24. Ne4 Bb7 25. Ng3 h5 26. Qg5+ Be7 27. Qd2 Nh4 28. Ne4 a5 29. Rcd1 Nf5 30. Qf4 Rb8 31. Ng5 Ke8 32. Nd2 Ba6 33. b3 Rb6 34. Rc1 Bb7 35. Nde4 f6 36. Nh7 fxe5 37. Qd2 Bxe4 38. Rxe4 Nd6 39. Ree1 Nf7 40. Qd3 Nh8 41. Qf3 Qd8 42. Rxe5 Nf7 43. Re4 e5 44. g3 Re6 45. Rce1 Qd7 46. h4 Bd8 47. Rxe5 1-0

[Event "Pan American-ch U20"]
[Site "Bogota"]
[Date "2006.09.06"]
[Round "6"]
[White "Guerrero Sierra, Juan Carlos"]
[Black "Morales Mendoza, Luciana"]
[Result "0-1"]
[WhiteElo "2068"]
[BlackElo "2210"]
[PlyCount "66"]
[EventDate "2006.09.03"]
[EventType "swiss"]
[EventRounds "9"]
[EventCountry "COL"]
[SourceTitle "CBM 114 Extra"]
[Source "ChessBase"]
[SourceDate "2006.11.03"]
[SourceVersion "1"]
[SourceVersionDate "2006.11.03"]
[SourceQuality "1"]

1. d4 e6 2. Nf3 Nf6 3. c4 b6 4. g3 Ba6 5. b3 b5 6. cxb5 Bxb5 7. Bg2 d5 8. 0-0 c5 9. Ba3 Nbd7 10. dxc5 Bxc5 11. b4 Bd6 12. Nc3 Bc4 13. Nd2 Nb6 14. Na4 Bxe2 15. Qxe2 Nxa4 16. Rac1 a5 17. Rfd1 0-0 18. Nc4 Bxb4 19. Bb2 Nxb2 20. Nxb2 Rc8 21. Rb1 Qd6 22. Nd3 Qa6 23. Qb2 Rb8 24. Qd4 Bd6 25. Rbc1 Rfc8 26. Bf1 Qa8 27. Bg2 a4 28. Rxc8+ Rxc8 29. Nb2 a3 30. Nc4 Bc5 31. Qd2 Ng4 32. Ne3 Nxe3 33. fxe3 Qa7 0-1

[Event "Pan American-ch U20"]
[Site "Bogota"]
[Date "2006.09.05"]
[Round "5"]
[White "Morales Mendoza, Luciana"]
[Black "Gallego Alcaraz, Andres Felipe"]
[Result "1/2-1/2"]
[WhiteElo "2210"]
[BlackElo "2184"]
[PlyCount "116"]
[EventDate "2006.09.03"]
[EventType "swiss"]
[EventRounds "9"]
[EventCountry "COL"]
[SourceTitle "CBM 114 Extra"]
[Source "ChessBase"]
[SourceDate "2006.11.03"]
[SourceVersion "1"]
[SourceVersionDate "2006.11.03"]
[SourceQuality "1"]

1. d4 Nf6 2. Nf3 g6 3. c4 c5 4. g3 cxd4 5. Nxd4 Bg7 6. Bg2 Nc6 7. 0-0 0-0 8. Nc3 Qa5 9. Nb3 Qh5 10. e4 Qxd1 11. Rxd1 d6 12. c5 Ne8 13. Be3 Bg4 14. f3 Be6 15. Nc1 dxc5 16. Bxc5 Nc7 17. N1e2 Rfd8 18. f4 Na6 19. Bf2 Nab4 20. Nd5 Bg4 21. Kf1 Nc2 22. Rab1 N2d4 23. Nxd4 Bxd1 24. Nxc6 bxc6 25. Nxe7+ Kh8 26. e5 Ba4 27. Nxc6 Rd2 28. Ke1 Bxc6 29. Bxc6 Rad8 30. Bxa7 Rxh2 31. Bf2 Rc8 32. Be4 Bf8 33. Kf1 Bc5 34. Bxc5 Rxc5 35. b4 Rc4 36. Bd5 Rd4 37. Kg1 Rc2 38. Bh1 Rxa2 39. b5 Rdd2 40. b6 Rdb2 41. Rxb2 Rxb2 42. b7 h5 43. Bf3 Kg7 44. Kf1 Kf8 45. Ke1 Ke8 46. Kd1 Kd7 47. Bd5 Rb6 48. Bxf7 Rxb7 49. Bxg6 h4 50. gxh4 Rb4 51. f5 Rxh4 52. Bf7 Ke7 53. e6 Rf4 54. Bg6 Rd4+ 55. Kc2 Re4 56. Bf7 Re5 57. Bg6 Rxe6 58. fxe6 Kxe6 1/2-1/2

[Event "Olympiad Women-37"]
[Site "Turin"]
[Date "2006.06.04"]
[Round "13"]
[White "Morales Mendoza, Luciana"]
[Black "Castaneda, Ada"]
[Result "1-0"]
[WhiteElo "2154"]
[BlackElo "2017"]
[PlyCount "135"]
[EventDate "2006.05.21"]
[EventType "team-swiss"]
[EventRounds "13"]
[EventCountry "ITA"]
[SourceTitle "CBM 112 Extra"]
[Source "ChessBase"]
[SourceDate "2006.07.14"]
[SourceVersion "1"]
[SourceVersionDate "2006.07.14"]
[SourceQuality "1"]
[WhiteTeam "Peru (W)"]
[BlackTeam "El Salvador (W)"]
[WhiteTeamCountry "PER"]
[BlackTeamCountry "ESA"]

1. d4 d6 2. Nf3 g6 3. c4 Bg7 4. g3 b6 5. Bg2 Bb7 6. Nc3 e6 7. Be3 Ne7 8. 0-0 0-0 9. Qd3 Nd7 10. Rad1 h6 11. b3 e5 12. dxe5 Nxe5 13. Nxe5 Bxg2 14. Nxf7 Rxf7 15. Kxg2 Qd7 16. Nd5 Nf5 17. Bd2 Raf8 18. Bc3 Bxc3 19. Qxc3 Qe8 20. Qd3 c6 21. Nc3 Rd7 22. e4 Ng7 23. Qd2 Kh7 24. f4 Rff7 25. Rf3 Ne6 26. Qc2 Nf8 27. Rfd3 Qe6 28. Qe2 a6 29. a4 Qe7 30. Qe3 Qd8 31. Qd2 g5 32. f5 a5 33. g4 Rg7 34. Qf2 Rgf7 35. R1d2 Kg8 36. Qg1 Qe7 37. Qxb6 Rb7 38. Qd4 Nh7 39. Qxd6 Qxd6 40. Rxd6 Rxb3 41. R2d3 Nf6 42. Kf3 Rb2 43. e5 Nxg4 44. Kxg4 Rxh2 45. Rd8+ Kg7 46. Ne4 Rh4+ 47. Kg3 Rxe4 48. f6+ Kg6 49. Rg8+ Kh7 50. Re8 Rxc4 51. Re7 Kg6 52. Rd8 Re4 53. Rg8+ Kh7 54. Rxg5 hxg5 55. Rxf7+ Kg8 56. Rg7+ Kf8 57. Rxg5 c5 58. Kf3 Re1 59. Kf4 c4 60. Kf5 c3 61. Rg2 Rf1+ 62. Ke6 Rb1 63. Rc2 Rb6+ 64. Kd7 Rb7+ 65. Kc6 Rb8 66. e6 Re8 67. Kd7 Rb8 68. Rxc3 1-0

[Event "Lima olm qual (Women)"]
[Site "Lima"]
[Date "2006.04.03"]
[Round "4"]
[White "Morales Mendoza, Luciana"]
[Black "Zapata, Talia"]
[Result "1-0"]
[WhiteElo "2154"]
[BlackElo "2048"]
[PlyCount "61"]
[EventDate "2006.04.01"]
[EventType "tourn"]
[EventRounds "7"]
[EventCountry "PER"]
[SourceTitle "CBM 111 Extra"]
[Source "ChessBase"]
[SourceDate "2006.05.09"]
[SourceVersion "1"]
[SourceVersionDate "2006.05.09"]
[SourceQuality "1"]

1. d4 Nf6 2. Nf3 g6 3. c4 Bg7 4. g3 0-0 5. Bg2 c5 6. 0-0 d6 7. Nc3 Bd7 8. dxc5 dxc5 9. Ne5 Qc8 10. Nd5 Re8 11. Bf4 Be6 12. Qb3 Nh5 13. Nd3 Nc6 14. Be3 Nd4 15. Bxd4 cxd4 16. Rac1 Rb8 17. Qa3 Qd7 18. Qxa7 Ra8 19. Qb6 Rxa2 20. Nc7 Rc8 21. Nxe6 Qxe6 22. Qxe6 fxe6 23. Bxb7 Rc7 24. Bf3 Nf6 25. b4 Bh6 26. Ra1 Rxa1 27. Rxa1 Rxc4 28. Ra8+ Bf8 29. b5 e5 30. b6 Rc3 31. Nxe5 1-0

[Event "Moscow Aeroflot op-C"]
[Site "Moscow"]
[Date "2006.02.15"]
[Round "9"]
[White "Batochir, Gunsen"]
[Black "Morales Mendoza, Luciana"]
[Result "0-1"]
[WhiteElo "2213"]
[BlackElo "2154"]
[PlyCount "26"]
[EventDate "2006.02.07"]
[EventType "swiss"]
[EventRounds "9"]
[EventCountry "RUS"]
[SourceTitle "EXT 2007"]
[Source "ChessBase"]
[SourceDate "2006.11.23"]
[SourceVersion "1"]
[SourceVersionDate "2006.11.23"]
[SourceQuality "1"]

1. Nf3 d5 2. c4 c6 3. b3 Bg4 4. Bb2 Nd7 5. d4 Ngf6 6. Nbd2 e6 7. g3 Bxf3 8. Nxf3 Bb4+ 9. Nd2 Ne4 10. Bc1 Qf6 11. f3 Qxd4 12. fxe4 Qxa1 13. exd5 cxd5 0-1

[Event "Moscow Aeroflot op-C"]
[Site "Moscow"]
[Date "2006.02.09"]
[Round "3"]
[White "Morales Mendoza, Luciana"]
[Black "Ivanets, Vladimir"]
[Result "1/2-1/2"]
[WhiteElo "2154"]
[BlackElo "2280"]
[PlyCount "114"]
[EventDate "2006.02.07"]
[EventType "swiss"]
[EventRounds "9"]
[EventCountry "RUS"]
[SourceTitle "EXT 2007"]
[Source "ChessBase"]
[SourceDate "2006.11.23"]
[SourceVersion "1"]
[SourceVersionDate "2006.11.23"]
[SourceQuality "1"]

1. Nf3 b5 2. e4 Bb7 3. e5 a6 4. d4 e6 5. a4 b4 6. Bd3 c5 7. c3 Qc7 8. 0-0 c4 9. Be2 Ne7 10. b3 cxb3 11. c4 d6 12. Bb2 dxe5 13. Nxe5 Ng6 14. f4 Bd6 15. Qxb3 0-0 16. Nd2 Nc6 17. Rad1 Na5 18. Qe3 Rab8 19. Rc1 Rfe8 20. Ne4 Bf8 21. Bd3 f5 22. Ng5 Nxe5 23. fxe5 h6 24. Nh3 Rbd8 25. Kh1 Qd7 26. Nf4 Qxa4 27. Nh5 Qb3 28. Qe2 Nc6 29. d5 exd5 30. Rxf5 Bc8 31. Rff1 Be6 32. Bc2 Qxc4 33. Bh7+ Kxh7 34. Rxc4 dxc4 35. Qe4+ Kg8 36. Nf6+ gxf6 37. Qg6+ Kh8 38. exf6 c3 39. Bc1 Ne5 40. Qh5 Nf7 41. Qg6 b3 42. Ba3 Ne5 43. Qg3 Ng4 44. Bxf8 Rxf8 45. Qxc3 Rc8 46. Qa1 Rc2 47. h3 Bd5 48. Qa3 Rxf6 49. Rxf6 Nxf6 50. Qf8+ Ng8 51. Qf5 Rd2 52. Qe5+ Kh7 53. Qf5+ Kg7 54. Qg4+ Kh8 55. Qf4 b2 56. Qxd2 b1Q+ 57. Kh2 Qe4 1/2-1/2

[Event "Wch U18 Girls"]
[Site "Belfort"]
[Date "2005.07.25"]
[Round "7"]
[White "Morales Mendoza, Luciana"]
[Black "Melia, Salome"]
[Result "0-1"]
[WhiteElo "2149"]
[BlackElo "2305"]
[PlyCount "86"]
[EventDate "2005.07.19"]
[EventType "swiss"]
[EventRounds "11"]
[EventCountry "FRA"]
[SourceTitle "CBM 107 Extra"]
[Source "ChessBase"]
[SourceDate "2005.09.01"]
[SourceVersion "1"]
[SourceVersionDate "2005.09.01"]
[SourceQuality "1"]

1. d4 Nf6 2. Nf3 e6 3. e3 b6 4. Bd3 Bb7 5. 0-0 d5 6. Ne5 Bd6 7. f4 0-0 8. b3 c5 9. Bb2 Nc6 10. a3 Ne7 11. Nd2 Rc8 12. Qe2 Ne4 13. Rad1 cxd4 14. exd4 f5 15. c4 a5 16. Ndf3 h6 17. Qe1 Qe8 18. b4 axb4 19. axb4 dxc4 20. Nxc4 Bxf4 21. Nxb6 Rb8 22. Ne5 Bxe5 23. dxe5 Qc6 24. Bxe4 fxe4 25. Rxf8+ Rxf8 26. Rd6 Qb5 27. Nd7 Rf7 28. Nc5 Nf5 29. Rd8+ Kh7 30. h3 e3 31. Rb8 Ng3 32. Qb1+ g6 33. Rxb7 Qxb7 34. Nxb7 e2 35. Kh2 Nf1+ 36. Kg1 Ng3 37. Kh2 Rf1 38. Qc2 e1Q 39. Qc7+ Kg8 40. Qc8+ Kg7 41. Qd7+ Rf7 42. Qxe6 Nf1+ 43. Kh1 Qg3 0-1